Statistiques concernant Enola Holmes

Cliquez ici pour prendre le quiz!

Statistiques générales

  • Ce quiz a été pris 104 fois
  • Le résultat moyen est 8 sur 13

Statistiques - réponses

QuestionsRéponses% Correct
Comment s'appelle son frère détectiveSherlock
97%
Quel âge a Enola dans le film ?16
93%
En quelle année est sorti Enola Holmes ?2020
86%
Que signifie Enola à l'envers ? (réponse en français)Seule
86%
Qui joue Enola ?Millie Bobby Brown
84%
Sur quelle plateforme Enola Holmes est-il disponible ?Netflix
84%
Comment s'appelle le frère ainé de Enola ?Mycroft
61%
Où Enola se cache de ses frères ?Londres
48%
Quel est le nom complet de la mère de Enola ?Eudoria Vernet Holmes
36%
Qui est le Lord que joue Louis Partridge ?Tewkesbury
31%
Qui dirige le pensionnat ?Miss Harrison
25%
Qui est la servante au manoir ?Mrs Lane
20%
Quel est le nom du manoir où Enola vivait avec sa mère ?Ferndell Hall
18%

Distribution des résultats

Percentile par nombre de réponses

% des personnes avec chaque résultat

Votre développement - résultats

Vous n’avez pas pris ce quiz